000 00363nam a22001217a 4500
020 _a975-7430-09-9
082 _a303.625
_bORG
_cD
110 _aKok Social and Strategic Research Foundation
_937872
245 _athe true face of PKK terrorist organisation
260 _aTurkey
_bSistem ofset
_c1999
526 _a0
_b0
_c0
_d303_625000000000000_ORG
942 _2ddc
_cBK
999 _c542623
_d542623